00406nam a2200133 450000500170000010000290001724500750004626400460012130000180016733600220018533700240020733800240023199900170025520260530113905.01 aLius C. Goncalves93271110aDesenho Industrial Brasileiro? critica ao espacvo o foprma de actuacao 1bCuritiba Universidade F de Paranác1983 a110 páginas atexto2rdacontent asin medio2rdamedia avolumen2rdacarrier c11918d11918